| 000 | 01273namaa22003131i 4500 | ||
|---|---|---|---|
| 003 | EG-GICUC | ||
| 005 | 20250916101801.0 | ||
| 008 | 250916s2001 ua ||||jr|||| 000 0bara d | ||
| 017 |
_a2001 / 7274 _bدار الكتب و الوثائق القومية (مصر) |
||
| 020 | _a9770261335 | ||
| 040 |
_aEG-GiCUC _bara _cEG-GiCUC _dEG-GiCUC _erda |
||
| 082 | 0 | 4 |
_221 _a922.58092 _bM215 |
| 092 | 0 | 4 |
_221 _a922.58092 _bM215 |
| 099 | _a922.58092 M215 | ||
| 100 | 1 |
_aمحمود، عبد الحليم _eمؤلف. |
|
| 245 | 1 | 0 |
_aأبو البركات سيدى أحمد الدردير : _cالأمام الدكتور عبد الحليم محمود |
| 264 |
_aالقاهرة (مصر) : _bدار المعارف، _c[2001] |
||
| 300 |
_a168 ؛ صفحة _c20سم |
||
| 336 |
_2rdacontent _atext |
||
| 337 |
_2rdamedia _aUnmediated |
||
| 338 |
_2rdacarrier _avolume |
||
| 504 | _aيشتمل على ارجاعات ببليوجرافية. | ||
| 541 |
_aد . جابر عصفور؛ _bالقاهرة ؛ _cإهداء ؛ _d2024. |
||
| 600 |
_aأحمد بن محمد بن احمد العتوى، أبو البركات _cفقيه مصرى _d1715-1786 ه |
||
| 650 | 1 | 7 |
_aالفقهاء _xالمصريين _xتراجم _2qrmak |
| 651 | 1 | _2qrmak | |
| 905 | _aNermeen | ||
| 942 |
_2ddc _cBK _e21 _n0 |
||
| 999 |
_c174058 _d174058 |
||